1165 1665 1222 1036 1121 1369 1120 1139 1023 1607 1056 1274 1455 1489 1566 1900 1358 1450 1221 1149 1585 1311 1692 1352 1708 1874 1689 1504 1018 1782 1380 1315 1246 1320 1251 1810 1988 1542 1573 1395 1853 1045 1416 1687 1542 1019 1150 1661 1099 1864 1449 1188 1794 1115 1624 1647 1780 1019 1241 1631 1174 1706 1985 1721 1347 1436 1256 1232 1354 1417 1859 1456 1756 1834 1181 1781 1114 1680 1853 1183 1984 1996 1244 1290 1576 1577 1771 1073 1508 1524 1371 1045 1790 1585 1125 1841 1388 1350 1064 BCNSPRNW ULIB Ver.6.0+V

เปลี่ยนเป็นภาษาไทย

Change to English
 แสดงรายละเอียดบรรณานุกรม
  กลับหน้าหลัก

Brief Record : Get Marc (ISO 2709) : E-mail record : QR code < ปิดหน้าต่าง
LEADER : 00000nam 2200000uu 4500
001    13399112843
003     ULIB
008    110913s2547||||th 000 0 tha d
020    9749258053
050  4 SB^bอ418ผ 2547
245 00 ผักพื้นบ้านภาคใต้ /^cผู้รวบรวม, อรุณี วิเศษสุข ...[และคนอื่นๆ] ; บรรณาธิการ, กัญจนา ดีวิเศษ
250    พิมพ์ครั้งที่ 2
260    [นนทบุรี] :^bสถาบันการแพทย์แผนไทย,^c2547
300    279 หน้า :^bภาพประกอบสี ;^c22 ซม
650  4 ผัก^zไทย (ภาคใต้)
650  4 อาหาร^zไทย (ภาคใต้)
700 0  อรุณี วิเศษสุข
700 0  กัญจนา ดีวิเศษ,^eบรรณาธิการ
945    ^p250^l0^i24469
995    กัณชพร
999 ^a ใช้งานได้ทุกระบบ
รายการนี้ยังไม่มีแท็ก
คุณยังไม่ได้ล็อกอิน คุณสามารถมีกิจกรรมร่วมกับเว็บไซต์ได้ แต่ต้องล็อกอินก่อน ::
  ล็อกอิน

รายการสื่อสารสนเทศ

ลำดับที่ ประเภท เลขเรียก/บาร์โค้ด สถานที่ สถานะ
- ไม่พบข้อมูล -

BibComment


ยังไม่เคยถูกคอมเมนท์

คอมเมนท์ทรัพยากรรายการนี้
  คอมเมนท์: ผักพื้นบ้านภาคใต้..


 Copyright 2026. Bcnsprnw @Library